00710nam a2200217 a 450000100060000000300080000600500170001400800410003103500190007204000270009104100080011808200280012610000290015424501100018326000420029330000220033560000670035765000220042470000300044670000160047662796BD-RjUL20211209081125.0170125s1919 enk 000 0 eng d a(BD-RjUL)62924 aANLbengcANLdBD-RjUL aeng04a839.82372223bBOG 19191 aBojer, Johand1872-1959.14aThe great hunger /cJohan Bojer ; translated from the Norwegian by W. J. Alexander Worster and C. Archer. aLondon :bHodder and Stoughton,c1919 a316 p. ;c19 cm.  aWorster, W. J. Alexander q(William John Alexander)d1882-1929 aNorwegian fiction aWorster, W. J. Alexander  aArcher, C.